Star Wars : Le Réveil de la Force - Statistiques

Statistiques générales
  • Ce quiz a été pris 13 fois
  • Le résultat moyen est 8 sur 12
Statistiques - réponses
Question Réponse % Correct
Chewie, on est à la maison. Han Solo
100%
Montrez moi, grand-père. Et j'achèverai ce que vous avez commencé Kylo Ren
100%
Moi-même je me suis posé la question. J’ai longtemps pensé que pas un mot de tout ça n’était vrai. Le bien et le mal, la lumière, le côté obscur, une force surnaturelle… Mais ce qui est dingue, c’est que c’est vrai. La Force, les Jedi… tout est vrai, absolument tout. Han Solo
83%
Vous voilà devenu vieux. Kylo Ren
83%
Et ce jour aura été le dernier de leur nouvelle République ! Général Hux
75%
Rey, que la force soit avec toi. Leia Organa
75%
Reste calme ! Reste calme ! Finn
58%
Je vous montrerai le côté obscur. Kylo Ren
58%
On va leur montrer de quoi on est capable ! Poe Dameron
58%
Les Jedi ne sont pas une légende ? Rey
58%
Je sais ce qu’il faut que je fasse mais je ne sais pas si j’en aurai la force. Kylo Ren
33%
Tu as peur de ne jamais être aussi fort que Dark Vador. Rey
33%
Aucun quiz correspondant
Distribution des résultats
% des personnes avec chaque résultat
Percentile par nombre de réponses
Votre historique - résultats
Vous n’avez pas pris ce quiz